|
|
|
|
| LEADER |
00660cam a2200205 7i4500 |
| 001 |
0000012583 |
| 005 |
20151104090000.0 |
| 005 |
##20151104113500.0 |
| 003 |
##MY-KlINT |
| 020 |
# |
# |
|a 9789673051892
|
| 039 |
# |
9 |
|y 201511041135
|z VLOAD
|
| 090 |
0 |
0 |
|a 303.4833
|b WOR
|
| 245 |
1 |
0 |
|a The world of ICT /
|c editor Norlis Osman.
|
| 260 |
# |
# |
|a Shah Alam:
|b Pusat Penerbitan Universiti, Universiti Teknologi MARA,
|c 2009.
|
| 300 |
# |
# |
|a ix, 144p:
|b ill;
|c 23cm.
|
| 500 |
# |
# |
|a Includes bibliografical references and index
|
| 650 |
# |
0 |
|a Communication and technology
|
| 650 |
# |
0 |
|a Information technology
|
| 700 |
0 |
# |
|a Norlis Osman
|
| 999 |
|
|
|a 0000066494
|b BOOK
|c Main Non-Fiction
|e INTAN BK
|